The life of Z: (Record no. 172743)

MARC details
000 -LEADER
fixed length control field 00612nam a22001937a 4500
005 - DATE AND TIME OF LATEST TRANSACTION
control field 20200212122652.0
010 ## - LCCN (DPL NO)
LC control number ENG-127705
020 ## - INTERNATIONAL STANDARD BOOK NUMBER
Terms of availability 450.00
International Standard Book Number 978353882259
035 ## - SYSTEM CONTROL NUMBER
System control number EN-111237
037 ## - SOURCE OF ACQUISITION
Source of stock number/acquisition DBAD/PUB
082 ## - DEWEY DECIMAL CLASSIFICATION NUMBER
Classification number 300
100 ## - MAIN ENTRY--PERSONAL NAME
Personal name Sengupta,Depashigh
245 ## - TITLE STATEMENT
Title The life of Z:
Statement of responsibility, etc by Depashigh Sengupta
Remainder of title Understanding the Digital Pre-teen and Adolescent Generation/
260 ## - PUBLICATION, DISTRIBUTION, ETC. (IMPRINT)
Place of publication, distribution, etc New Delhi
Date of publication, distribution, etc 2020
Name of publisher, distributor, etc Sage
270 ## - ADDRESS
Address B1/1-1 Mohan Cooperative Industrial Area Mathura Road
Postal code 110044
City New Delhi
300 ## - PHYSICAL DESCRIPTION
Extent xiii;251p.
Other physical details 22cm(pbk)
500 ## - GENERAL NOTE
General note <br/>
942 ## - ADDED ENTRY ELEMENTS (KOHA)
Source of classification or shelving scheme Dewey Decimal Classification
Item type English Books
Classification part 300
Call number suffix SEN
Holdings
Withdrawn status Lost status Not for loan Collection code Home library Current library Date acquired Source of acquisition Cost, normal purchase price Full call number Barcode Copy number Cost, replacement price Koha item type
      Non-fiction Central Library Central Library 12/02/2020 DBAD/PUB 450.00 300 SEN EN-111237 1 450.00 English Books

© Delhi Public Library
Hit Counter
free hit counter